Možnosti certifikovanosti zamestnancov verejnej správy v oblasti informačných technológií
Príspevok približuje súčasný stav certifikovanosti zamestnancov verejnej správy v oblasti informačných technológií. Porovnávacou metódou približuje rôzne možnosti certifikácie ako prostriedku na zvyšovanie úrovne počítačových vedomostí zamestnancov verejnej správy. Zároveň poskytuje prehľad názorov...
Salvato in:
| Autore principale: | |
|---|---|
| Altri autori: | |
| Natura: | Capitolo di libro |
| Lingua: | slovacco |
| Soggetti: | |
| Tags: |
Nessun Tag, puoi essere il primo ad aggiungerne!!
|
MARC
| LEADER | 00000nla a2200000 4500 | ||
|---|---|---|---|
| 001 | 0165657 | ||
| 005 | 20251027113635.1 | ||
| 041 | 0 | |a slo | |
| 044 | |a SK | ||
| 245 | 1 | 0 | |a Možnosti certifikovanosti zamestnancov verejnej správy v oblasti informačných technológií |c Martin Mudrík, Ladislav Suhányi |
| 520 | |a Príspevok približuje súčasný stav certifikovanosti zamestnancov verejnej správy v oblasti informačných technológií. Porovnávacou metódou približuje rôzne možnosti certifikácie ako prostriedku na zvyšovanie úrovne počítačových vedomostí zamestnancov verejnej správy. Zároveň poskytuje prehľad názorov zamestnancov verejnej správy na potrebu a ochotu doplniť si toto vzdelanie. | ||
| 610 | 2 | 0 | |a správa verejná |
| 610 | 2 | 0 | |a správa verejná elektronická |
| 610 | 2 | 0 | |a zamestnanci |
| 610 | 2 | 0 | |a gramotnosť informačná |
| 610 | 2 | 0 | |a certifikáty |
| 610 | 2 | 0 | |a technológie informačné |
| 100 | 1 | |a Mudrík, Martin | |
| 700 | 1 | |a Suhányi, Ladislav | |